000 00689nai a22002057a 4500
999 _c33643
_d33643
003 OSt
005 20230211062529.0
007
008 191213b xxu||||| |||| 00| 0 eng d
040 _aBMC
_cBMC
082 _a634
100 1 _946930
_aParada Berríos, Fidel Angel
245 1 0 _aCultivo del zapote
_b: Guía tecnica
_c[Fidel Angel Parada Berríos]
260 _aSan Salvador, La Libertad
_bCentro Nacional de Tecnología Agropecuaria y Forestal
_c2003
300 _a40 p.
_c27 cm
490 _aGuía técnica
_v13
650 2 0 _aHuertos, frutas, silvicultura
_946929
710 2 _92831
_aCentro Nacional de Tecnología Agropecuaria (El Salvador)
942 _2ddc
_cPR
_hprozim